000 00789nas a2200277 4500
001 BR2012002029
003 BR-BrBNA
005 20231205120339.0
007 ta
008 230509b bl.|||p| |||| 00| 00por d
040 _aBR-BrBNA
_bpor
_cBiblioteca Nacional de Agricultura
041 _a(Pt)
072 _aL74; L70
100 1 _aSilva, S.S.R. da
100 1 _aCastro, J.L.C.
100 1 _aCastro, V.S.P.
100 1 _aRaiser, A.G.
245 1 _aSíndrome da dilatação volvo gástrica em cães
650 _aCÃO
650 _aDISTÚRBIO FISIOLÓGICO
650 _aSÍNDROME
650 _aLESÃO
773 0 _tCiência Rural (Brazil)
_xISSN 0103-8478
_g(Jan 2012), v. 42(1) p. 122-130
_wBR2012002029
909 _a202311
_bLúcia
_c55
_dLúcia Elande
942 _2AGRIS
_n0
_cANA
999 _c218057
_d218057